How Europe underdeveloped Africa /
محفوظ في:
| المؤلف الرئيسي: | |
|---|---|
| مؤلفون آخرون: | |
| التنسيق: | كتاب |
| منشور في: |
Dar es salaam :
London and Tanzanian Publishing House,
c1973.
|
| الموضوعات: | |
| الوسوم: |
إضافة وسم
لا توجد وسوم, كن أول من يضع وسما على هذه التسجيلة!
|
MARC
| LEADER | 00000cam a2200000 a 4500 | ||
|---|---|---|---|
| 005 | 20251006065837.0 | ||
| 020 | |a N/A |c TZS 20,000/= | ||
| 040 | |a MCCL |b eng. |e AACR 2nd rev. ed. | ||
| 082 | |a 330.96 ROD | ||
| 100 | 1 | |a Rodney, Walter. | |
| 245 | 1 | 0 | |a How Europe underdeveloped Africa / |c Walter Rodney |
| 260 | |a Dar es salaam : |b London and Tanzanian Publishing House, |c c1973. | ||
| 300 | |a 223 p. : |c 21 cm. |b ill.; | ||
| 504 | |a Includes bibliographies | ||
| 546 | |a eng. | ||
| 650 | |a Colonial system | ||
| 650 | |a Development theories | ||
| 700 | |a Rodney, W. | ||
| 942 | |c BK | ||
| 999 | |c 11933 |d 11933 | ||